| Tag |
First Indicator |
Second Indicator |
Subfields |
| LEADER |
00000cas a2200000 a 4500 |
| 001 |
in00001216421 |
| 005 |
20151003053601.0 |
| 008 |
931208c19uu9999txuar s0 0eng d |
| 035 |
|
|
|a (OCoLC)29454153
|
| 035 |
|
|
|9 AGS0637AM
|
| 040 |
|
|
|a IKM
|c IKM
|d TXA
|d UtOrBLW
|
| 043 |
|
|
|a n-us-tx
|
| 049 |
|
|
|a TXAO
|
| 086 |
|
|
|a C2300.3 T645
|2 txdocs
|
| 110 |
1 |
|
|a Texas.
|b Tourism Division.
|
| 245 |
1 |
0 |
|a Texas tourism annual report.
|
| 246 |
1 |
0 |
|a Texas Tourism Division annual report
|
| 264 |
|
1 |
|a Austin, Tex. :
|b Texas Dept. of Commerce, Tourism Division.
|
| 300 |
|
|
|a volumes :
|b illustrations ;
|c 28 cm.
|
| 310 |
|
|
|a Annual
|
| 336 |
|
|
|a text
|b txt
|2 rdacontent
|
| 337 |
|
|
|a unmediated
|b n
|2 rdamedia
|
| 338 |
|
|
|a volume
|b nc
|2 rdacarrier
|
| 500 |
|
|
|a Title from cover. Some years have distinctive titles, e.g., FY1994 also bears title: Growing like wildflowers.
|
| 515 |
|
|
|a Report year is fiscal year ending Aug. 31.
|
| 500 |
|
|
|a Description based on: 1993.
|
| 650 |
|
0 |
|a Tourism
|z Texas.
|
| 650 |
|
0 |
|a Tourism
|x Government policy
|z Texas.
|
| 610 |
1 |
0 |
|a Texas.
|b Tourism Division.
|
| 999 |
|
|
|a MARS
|
| 999 |
f |
f |
|s 03ff8ebe-ebd4-3e7c-81c4-f95f1a074057
|i 4ee8c8c4-16ce-3e66-932d-0f87ffc8eb5a
|t 0
|
| 952 |
f |
f |
|p normal
|a Texas A&M University
|b College Station
|c Sterling C. Evans Library
|d Evans: Texas Documents (Annex 5th floor)
|t 0
|e C2300.3 T645
|h Superintendent of Documents classification
|i unmediated -- volume
|l 1992/93-1995/96
|m A14818610688
|
| 998 |
f |
f |
|a C2300.3 T645
|s 1994,1996
|t 0
|l Evans: Texas Documents (Annex 5th floor)
|